Zavedenie nového produktu do sériovej výroby

Saved in:
Bibliographic Details
Main Author: Jurča, Róbert (Author)
Other Authors: Pokorný, Peter (Thesis advisor)
Format: Manuscript Book
Language:Slovak
Published: 2024
Subjects:
Online Access:http://is.stuba.sk/zp/portal_zp.pl?podrobnosti=177941
Tags: Add Tag
No Tags, Be the first to tag this record!

MARC

LEADER 00000ntm a22000003a 4500
001 stuzp98016
003 SK-STU
005 20240608211506.5
007 ta
008 150427s2015----xo-----f-mn---000-0-slo-d
040 |a STU  |b slo 
041 0 |a slo 
100 1 |a Jurča, Róbert  |u 063000  |k Z4  |4 aut  |U MTF Materiálovotechnologická fakulta  |T MTF Ústav výrobných technológií  |X 103418  |U M3000  |Y 83  |7 103418 
242 0 1 |a Introduction of a new product into serial production  |y eng 
245 1 0 |a Zavedenie nového produktu do sériovej výroby 
260 |c 2024 
650 4 |a sériová výroba  |2 slo 
650 4 |a zavedenie nového produktu  |2 slo 
650 4 |a ťahanie  |2 slo 
650 4 |a CAPP  |2 slo 
650 4 |a CAQ  |2 slo 
650 4 |a SAP  |2 slo 
650 4 |a introduction of a new product  |2 eng 
650 4 |a pulling  |2 eng 
650 4 |a CAPP  |2 eng 
650 4 |a CAQ  |2 eng 
650 4 |a serial production  |2 eng 
650 4 |a SAP  |2 eng 
700 1 |a Pokorný, Peter  |u 063200  |k Z1  |4 ths  |U MTF Ústav výrobných technológií  |T MTF Katedra obrábania a počítačovej podpory technológií  |X 2771  |U M3200  |Y 164  |7 A000002771 
856 4 |u http://is.stuba.sk/zp/portal_zp.pl?podrobnosti=177941 
996 |c M* DP-15342  |l MMSKP  |s P  |a 0  |w stuzp98016_0001